000 00325nam a22001217a 4500
020 _a9789350142813
082 _222
_a621.815
100 _aSharma, P.C ad Aggarwal D.K.
245 _aA textbook of machine design /
260 _aNA,
_bS.K Kataria and Sons,
_cc2012.
300 _axvi, 1065 p. ;
_bill. ;
_c23 cm.
942 _2ddc
_cEE
999 _c3049
_d3049